<?xml version="1.0" encoding="UTF-8"?><?xml-stylesheet type="text/xsl" href="static/style.xsl"?><OAI-PMH xmlns="http://www.openarchives.org/OAI/2.0/" xmlns:xsi="http://www.w3.org/2001/XMLSchema-instance" xsi:schemaLocation="http://www.openarchives.org/OAI/2.0/ http://www.openarchives.org/OAI/2.0/OAI-PMH.xsd"><responseDate>2026-06-01T02:17:48Z</responseDate><request verb="GetRecord" identifier="oai:riuma.uma.es:10630/32775" metadataPrefix="marc">https://riuma.uma.es/rest/oai/request</request><GetRecord><record><header><identifier>oai:riuma.uma.es:10630/32775</identifier><datestamp>2026-02-03T11:02:12Z</datestamp><setSpec>com_10630_2254</setSpec><setSpec>col_10630_37953</setSpec></header><metadata><record xmlns="http://www.loc.gov/MARC21/slim" xmlns:dcterms="http://purl.org/dc/terms/" xmlns:doc="http://www.lyncode.com/xoai" xmlns:xsi="http://www.w3.org/2001/XMLSchema-instance" xsi:schemaLocation="http://www.loc.gov/MARC21/slim http://www.loc.gov/standards/marcxml/schema/MARC21slim.xsd">
   <leader>00925njm 22002777a 4500</leader>
   <datafield ind2=" " ind1=" " tag="042">
      <subfield code="a">dc</subfield>
   </datafield>
   <datafield ind2=" " ind1=" " tag="720">
      <subfield code="a">Rivas-Blanco, Irene</subfield>
      <subfield code="e">author</subfield>
   </datafield>
   <datafield ind2=" " ind1=" " tag="720">
      <subfield code="a">López-Casado, Carmen</subfield>
      <subfield code="e">author</subfield>
   </datafield>
   <datafield ind2=" " ind1=" " tag="720">
      <subfield code="a">Herrera-López, Juan María</subfield>
      <subfield code="e">author</subfield>
   </datafield>
   <datafield ind2=" " ind1=" " tag="720">
      <subfield code="a">Cabrera-Villa, José</subfield>
      <subfield code="e">author</subfield>
   </datafield>
   <datafield ind2=" " ind1=" " tag="720">
      <subfield code="a">Pérez del Pulgar, Carlos J.</subfield>
      <subfield code="e">author</subfield>
   </datafield>
   <datafield ind2=" " ind1=" " tag="260">
      <subfield code="c">2024</subfield>
   </datafield>
   <datafield ind2=" " ind1=" " tag="520">
      <subfield code="a">Large datasets play a crucial role in the progression of surgical robotics, facilitating advancements in the fields of surgical task recognition and automation. Moreover, public datasets enable the comparative analysis of various algorithms and methodologies, thereby assessing their effectiveness and performance. The ROSMA (Robotics Surgical Maneuvers) dataset provides 206 trials of common surgical training tasks performed with the da Vinci Research Kit (dVRK). In this work, we extend the ROSMA dataset with two annotated subsets: ROSMAT24, which contains bounding box annotations for instrument detection, and ROSMAG40, which contains high and low-level gesture annotations. We propose an annotation method that provides independent labels for the right-handed tools and the left-handed tools. For instrument identification, we validate our proposal with a YOLOv4 model in two experimental scenarios. We demonstrate the generalization capabilities of the network to detect instruments in unseen scenarios. On the other hand, for gesture segmentation, we propose two label categories: high-level annotations that describe gestures at a maneuvers level, and low-level annotations that describe gestures at a fine-grain level. To validate this proposal, we have designed a recurrent neural network based on a bidirectional long-short term memory layer. We present results for four cross-validation experimental setups, reaching up to a 77.35% mAP.</subfield>
   </datafield>
   <datafield ind1="8" ind2=" " tag="024">
      <subfield code="a">Rivas-Blanco, I.; López-Casado, C.; Herrera-López, J.M.; Cabrera-Villa, J.; Pérez-delPulgar, C.J. Instrument Detection and Descriptive Gesture Segmentation on a Robotic Surgical Maneuvers Dataset. Appl. Sci. 2024, 14, 3701. https:// doi.org/10.3390/app14093701</subfield>
   </datafield>
   <datafield ind1="8" ind2=" " tag="024">
      <subfield code="a">https://hdl.handle.net/10630/32775</subfield>
   </datafield>
   <datafield ind1="8" ind2=" " tag="024">
      <subfield code="a">https://doi.org/10.3390/app14093701</subfield>
   </datafield>
   <datafield tag="653" ind2=" " ind1=" ">
      <subfield code="a">Cirugía - Aparatos e instrumentos</subfield>
   </datafield>
   <datafield tag="653" ind2=" " ind1=" ">
      <subfield code="a">Robótica</subfield>
   </datafield>
   <datafield ind2="0" ind1="0" tag="245">
      <subfield code="a">Instrument Detection and Descriptive Gesture Segmentation on a Robotic Surgical Maneuvers Dataset</subfield>
   </datafield>
</record>
</metadata></record></GetRecord></OAI-PMH>